000 00655nam a2200121Ia 4500
008 220620s9999||||xx |||||||||||||| ||und||
245 0 _aChild’s Play
_bMulti-Sensory Histories of Children and Childhood in Japan
546 _aEnglish[eng]
650 _achildren||cultural studies||family||childhood||emotions||play||world war ii||Japan||Japanese language||Tokyo
700 _aFrühstück, Sabine||Walthall, Anne
856 _uhttps://library.oapen.org/bitstream/20.500.12657/31092/1/638972.pdf||https://library.oapen.org/bitstream/20.500.12657/31092/1/638972.pdf||https://library.oapen.org/bitstream/20.500.12657/31092/1/638972.pdf
942 _cEB
999 _c29481
_d29481